000 00843cam a2200253 a 4500
001 1088635
003 OSt
005 20150803161626.0
008 920914s1993 nyu d 000 0 eng
010 _a 92031265
020 _a1555701175
040 _aSEKU
042 _alcac
050 0 0 _aRC 607 .A2
_bH8 1993
100 1 _aHuber, Jeffrey T.
245 1 0 _aDictionary of AIDS related terminology
_cJeffrey T. Huber.
260 _aNew York :
_bNeal-Schuman,
_cc1993.
300 _aix, 165 p. ;
_c24 cm.
520 _aIncludes definitions of over 1000 abbreviations and acronyms, historical and medical terms, key names, and sources of information found in discussions of AIDS and HIV.
650 0 _aAIDS (Disease)
_xDictionaries.
650 1 _aAIDS (Disease)
_xDictionaries.
740 0 _aAIDS related terminology.
942 _2lcc
_cGEN
999 _c8115
_d8115